Principles of electromechanical-energy conversion (Record no. 23169)

000 -LEADER
fixed length control field 00596nam a22002051 4500
001 - CONTROL NUMBER
control field 23169
003 - CONTROL NUMBER IDENTIFIER
control field BD-DhUET
008 - FIXED-LENGTH DATA ELEMENTS--GENERAL INFORMATION
fixed length control field 730301s1966 xx 000 0 eng
040 ## - CATALOGING SOURCE
Original cataloging agency DLC
Transcribing agency DLC
Modifying agency BD-DhUET
082 ## - DEWEY DECIMAL CLASSIFICATION NUMBER
Classification number 623.13
Item number MEI/1966
100 ## - MAIN ENTRY--PERSONAL NAME
Personal name Meisel, Jerome
245 10 - TITLE STATEMENT
Title Principles of electromechanical-energy conversion
250 ## - EDITION STATEMENT
Edition statement 1st ed.
260 ## - PUBLICATION, DISTRIBUTION, ETC. (IMPRINT)
Place of publication, distribution, etc. New York
Name of publisher, distributor, etc. McGraw-Hill
Date of publication, distribution, etc. 1966
300 ## - PHYSICAL DESCRIPTION
Extent xvii, 639p.
Other physical details ill.
490 ## - SERIES STATEMENT
Series statement McGraw-Hill electrical and electronic engineering series
504 ## - BIBLIOGRAPHY, ETC. NOTE
Bibliography, etc Includes bibliographies
650 #0 - SUBJECT ADDED ENTRY--TOPICAL TERM
Topical term or geographic name as entry element Mechinery: Electrical engineering
942 ## - ADDED ENTRY ELEMENTS (KOHA)
Koha item type General Book
Holdings
Koha full call number Source of classification or shelving scheme Piece designation (barcode) Copy number Sublocation or collection (holding branch) Damaged status Date acquired Koha item type Shelving location Location (home branch) Price effective from Not for loan Koha date last seen Koha normalized classification for sorting Withdrawn status Lost status
623.13/MEI/1968 118781Central Library, BUET 2015-05-03General BookCirculation sectionCentral Library, BUET2015-05-03 2015-05-03623_130000000000000_MEI_1968  
623.13/MEI/1966 118772Central Library, BUET 2015-05-03General BookCirculation sectionCentral Library, BUET2015-05-03 2015-05-03623_130000000000000_MEI_1966  
623.13/MEI/1966 118753Central Library, BUET 2015-05-03General BookCirculation sectionCentral Library, BUET2015-05-03 2015-05-03623_130000000000000_MEI_1966  
623.13/MEI/1966 114384Central Library, BUET 2015-05-03General BookCirculation sectionCentral Library, BUET2015-05-03 2015-05-03623_130000000000000_MEI_1966  
623.13/MEI/1966 118765Central Library, BUET 2015-05-03General BookCirculation sectionCentral Library, BUET2015-05-03 2015-05-03623_130000000000000_MEI_1966  
623.13/MEI/1966 114376Central Library, BUET 2015-05-03General BookCirculation sectionCentral Library, BUET2015-05-03 2015-05-03623_130000000000000_MEI_1966  
623.13/MEI/1966 118797Central Library, BUET 2015-05-03General BookCirculation sectionCentral Library, BUET2015-05-03 2015-05-03623_130000000000000_MEI_1966  
623.13/MEI/1966 849298Central Library, BUET 2015-05-03General BookCirculation sectionCentral Library, BUET2015-05-03 2015-05-03623_130000000000000_MEI_1966  
623.13/MEI/1966 155399Central Library, BUET 2015-05-07General BookCirculation sectionCentral Library, BUET2015-05-07 2015-05-07623_130000000000000_MEI_1966  
623.13/MEI/1966 3925110Central Library, BUET 2015-07-12General BookCirculation sectionCentral Library, BUET2015-07-12 2015-07-12623_130000000000000_MEI_1966